Ekonomická charakteristika majetku a zdrojov jeho krytia bakalárska práca

Na minha lista:
Detalhes bibliográficos
Autor principal: Benčičová, Michaela
Autor Corporativo: Fakulta hospodárskej informatiky EU. Katedra účtovníctva a audítorstva
Outros Autores: Haľama, Juraj
Formato: Livro
Idioma:eslovaco
Publicado em: Bratislava 2010
Tags: Adicionar Tag
Sem tags, seja o primeiro a adicionar uma tag!

MARC

LEADER 00000nam$a2200000$$$4500
001 0136699
005 20240320072756.9
041 0 |a slo 
044 |a SK 
245 1 0 |a Ekonomická charakteristika majetku a zdrojov jeho krytia  |b bakalárska práca  |c Michaela Benčičová ; školiteľ: Juraj Haľama 
264 1 |a Bratislava  |c 2010 
300 |a 38 s. 
100 1 |a Benčičová, Michaela 
700 1 |a Haľama, Juraj 
710 2 |a Fakulta hospodárskej informatiky EU. Katedra účtovníctva a audítorstva